000 00459nam a2200181Ia 4500
001 14615
005 20260306164927.0
008 260306t2013||||xx |||||||||||||| ||spa||
041 _aESP
082 _a515.35
_bK81 V. 2 2013
100 _aKreyszig, Erwin
_eAUT
245 0 _aMatemáticas avanzadas para ingeniería
260 _c2013
300 _axvii, 618, A68, I18 páginas :
_c27 cm.
650 _aGEN
654 _aCMA
942 _cLIB
_dJUS
_fJUS
_2ddc
_n
999 _c14615
_d14615